00422nam a2200157Ia 4500003000400000005001700004008004100021020001800062040001000080100001400090245002600104260001600130942001200146999001700158952008900175OSt20240102054042.0170523s9999 xx 000 0 und d a9788126516810 cIIMTU aSze- S.M. 0aSemiconductor Devices aWiley India 2ddcc01 c12046d12046 00102ddc4070a01b01d2017-05-31oRp01-B-119637r2017-05-31w2017-05-31y06znil